00362nam a22001457a 4500003000400000008004100004020001800045082001200063100001900075245002700094260004000121300000800161650002700169700002000196OSt260119b |||||||| |||| 00| 0 eng d a9789391208608 a615 PAM aPatil, Vikas.V aMCQs Book for Pharmacy aN. DelhibI.P Innovative Pub.c2022 a146 aPHARMACY GENERAL BOOKS aPatal, Jayvadan